000 00510nam a2200193Ia 4500
005 20250508151135.0
008 008 250505s9999 xx 000 0 eng d
037 _aTextual
040 _aFEDL
_beng
_cFEDL
041 _aeng
_2eng
084 _a808.1, LAM
_qFEDL
100 _aLamborn E A Greening
_999494
245 0 _aRudiments of criticism
250 _a2nd
260 _aOxford, UK
_bClarendon Press
_c1951
300 _a198p.
942 _cTEXL
_h808.1, LAM
999 _c1327832
_d1327832